Statistiken für Deutschland in Bildern

Klicken Sie hier um das Quiz zu spielen!

Allgemein

  • Dieses Quiz wurde 2,539 mal gespielt
  • Das Durchschnittsergebnis liegt bei 17 aus 18

Antwortstatistiken

Answer % Korrekt
Angela Merkel
100%
{Brandenburger} Tor
99%
Oktoberfest
98%
Volkswagen
98%
Lederhosen
97%
Lufthansa
97%
Schnitzel
96%
Hamburg
96%
Martin Luther
95%
Rhein
94%
Berliner Mauer
94%
Frankfurt
94%
Deutscher Schäferhund
92%
Schwarzwald
90%
Preußen
84%
Johann Sebastian Bach
82%
{Kuckucks}uhr
82%
Karl Marx
70%

Verteilung der Resultate

Perzentil nach korrekt beantworteten Fragen

Anzahl Personen mit jedem Resultat

Ihre Resultats-Entwicklung

Sie haben dieses Quiz noch nicht gespielt